000 00853cab a2200241 4500
001 WB3230-48
008 090401t1996 xxu||||| |||| 00| 0 eng d
035 _a(Sirsi) u64670
041 _aeng
245 _aPlanning consent
260 _c1996
350 _a0
490 _aEstates Gazette Case Summaries
_v[1996] EGCS 130(1) (27/7/96)
520 _a"Pickering v Kettering BC" CA 17 July 1996. Dispute over whether site previously used for scrap metals fell under a 1960 planning permission, a new local plan or should follow planning inspector`s recommendations.
650 _aDERELICT SITES
650 _aPICKERING V KETTERING BC
650 _aPLANNING PERMISSION
650 _aSCRAP METALS YARD
650 _aTOWN AND COUNTRY PLANNING ACT 1990 S43
690 _aPLANNING LAW AND PRACTICE-CASE LAW
942 _n0
948 _c04/03/1997
999 _c40289
_d40289